000 004510000a22001690004500
003 MACL
005 20151229134526.0
008 151229b xxu||||| |||| 00| 0 eng d
040 _aMACL
_cMACL
041 _aEnglish
082 _a188/LON
100 _aLong, George
_923626
245 _aMarcus Aurelius Antoninus
_bThe Thoughts of The Emperor
260 _bG Bell & Sons Ltd
_c1913
_aLondon
650 _aPhilosophy
_923897
942 _cBK
_k188/LON
_2ddc
999 _c39165
_d39165